| 000 | 01299nac a22002891u 4500 | ||
|---|---|---|---|
| 010 | _a 2005026230 | ||
| 020 | _a041537846X (pbk.) | ||
| 082 | 0 | 0 |
_a325.3 _bSAR |
| 090 |
_c6932 _d6932 |
||
| 100 | _aSartre, Jean-Paul, | ||
| 245 | 1 | 0 |
_aColonialism and neocolonialism / _cJean-Paul Sartre ; translated by Azzedine Haddour, Steve Brewer, and Terry McWilliams ; with an introduction by Robert Young. |
| 260 |
_aLondon ; _aNew York : _bRoutledge,c.2006. _cc.2006. |
||
| 300 | _ap. cm. | ||
| 440 | 0 | _aRoutledge classics | |
| 500 | _aDistributer: Al-Ahram. | ||
| 504 | _aIncludes bibliographical references. | ||
| 511 | _aCatalogued By: Mahitab. | ||
| 650 | 0 |
_aDecolonization _zAfrica. |
|
| 650 | 0 |
_aDecolonization _zAlgeria. |
|
| 651 | 0 |
_aFrance _xColonies _zAfrica _xAdministration _xHistory _y20th century. |
|
| 651 | 0 |
_aAfrica _xColonization _xHistory _y20th century. |
|
| 651 | 0 |
_aAlgeria _xColonization _xHistory _y20th century. |
|
| 856 | 4 | 1 |
_3Table of contents only _uhttp://www.loc.gov/catdir/toc/ecip0519/2005026230.html |
| 856 | 4 | 1 |
_3Publisher description _uhttp://www.loc.gov/catdir/enhancements/fy0654/2005026230-d.html |
| 942 |
_cBB _k325.3SAR |
||
| 999 |
_c6932 _d6932 |
||